<?xml version="1.0" encoding="UTF-8"?>
<collection xmlns="http://www.loc.gov/MARC21/slim">
 <record>
  <leader>00601pamaa2200193   4500</leader>
  <controlfield tag="001">0000034551</controlfield>
  <controlfield tag="005">20060626090000.0</controlfield>
  <datafield tag="020" ind1="0" ind2="0">
   <subfield code="a">0471333018 </subfield>
  </datafield>
  <datafield tag="082" ind1=" " ind2=" ">
   <subfield code="a">620.001 KAR 2000</subfield>
  </datafield>
  <datafield tag="090" ind1="0" ind2="0">
   <subfield code="a">TA168 </subfield>
   <subfield code="b">KAR 2000</subfield>
  </datafield>
  <datafield tag="100" ind1="1" ind2="0">
   <subfield code="a">KARNOPP </subfield>
  </datafield>
  <datafield tag="245" ind1="1" ind2="0">
   <subfield code="a">System dynamics : </subfield>
   <subfield code="b">modeling and simulation of mechatronic systems  </subfield>
   <subfield code="c">Dean C. Karnopp, Donald L. Margolis, Ronald C. Rosenberg.</subfield>
  </datafield>
  <datafield tag="250" ind1="0" ind2="0">
   <subfield code="a">3rd ed.</subfield>
  </datafield>
  <datafield tag="260" ind1="0" ind2="0">
   <subfield code="a">New York: </subfield>
   <subfield code="b">John-Wiley, </subfield>
   <subfield code="c">2000.</subfield>
  </datafield>
  <datafield tag="300" ind1=" " ind2=" ">
   <subfield code="a">x, 507p.: </subfield>
   <subfield code="b">ill.; </subfield>
   <subfield code="c">24cm.</subfield>
  </datafield>
  <datafield tag="650" ind1="0" ind2="0">
   <subfield code="a">System analysis </subfield>
  </datafield>
  <datafield tag="650" ind1="0" ind2="0">
   <subfield code="a">System engineering </subfield>
  </datafield>
  <datafield tag="700" ind1="1" ind2="1">
   <subfield code="a">Margolis, </subfield>
   <subfield code="h">Donald L </subfield>
  </datafield>
  <datafield tag="700" ind1="1" ind2="1">
   <subfield code="a">Rosenberg, </subfield>
   <subfield code="h">Ronald C </subfield>
  </datafield>
 </record>
</collection>
